Baburname : (Record no. 46165)
| 000 -BAŞLIK | |
|---|---|
| Sabit Uzunluktaki Kontrol Alanı | 01475nam a22003737a 4500 |
| 001 - KONTROL NUMARASI | |
| Control Dosyası | 0046199 |
| 003 - KONTROL NUMARASI KİMLİĞİ | |
| Kontrol Alanı | KOHA_MİRAKIL |
| 005 - EN SON İŞLEM TARİHİ ve ZAMANI | |
| Kontrol Alanı | 20260207003511.0 |
| 007 - FİZİKSEL TANIM SABİT ALAN - GENEL BİLGİ | |
| Sabit uzunluklu kontrol alanı | ta |
| 008 - SABİT UZUNLUKTAKİ VERİ ÖGELERİ - GENEL BİLGİ | |
| Sabit Alan | 140922b1993 usa|||gr||||#||||0|xxx | |
| 040 ## - KATALOGLAMA KAYNAĞI | |
| Özgün Kataloglama Kurumu | TR-BiSEU |
| Kataloglama Dili | tur |
| Çeviri Kurumu | TR-BiSEU |
| Açıklama Kuralları | rda |
| 041 0# - DİL KODU | |
| Metin ya da ses kaydının dil kodu | xxx |
| 044 ## - YAYINLAYAN/ÜRETEN KURULUŞUN ÜLKE KODU | |
| ISO country code | us |
| 050 ## - SINIFLAMA ve YER NUMARASI | |
| Sınıflama Numarası | DS461.1 |
| Yer Numarası | .B33 1993 |
| 100 0# - KİŞİ ADI | |
| Yazar Adı (Kişi adı) | Zahirüddin Muhammed Bâbur Mirza. |
| 245 0# - ESER ADI BİLDİRİMİ | |
| Başlık | Baburname : |
| Alt Eseradı vb. | I. kısım=Bâburnâme : |
| -- | part one/ |
| Sorumluluk Bildirimi | Zahirüddin Muhammed Bâbur Mirza ; hazırlayan W.M. Thackston, Jr.. |
| 264 #1 - ÜRERİM, YAYIN, DAĞITIM ve TELİF BİLDİRİMİ | |
| Yayın yeri | Cambridge, Mass. : |
| Yayınlayan | Harvard Üniversitesi Yakındoğu Dilleri ve Medeniyetleri Bölümü |
| Yayın tarihi | 1993 |
| 300 ## - FİZİKSEL TANIMLAMA | |
| Sayfa, Cilt vb. | 3 c. : |
| Diğer fiziki detaylar | harita ; |
| Boyutları | 28 cm. |
| 336 ## - İÇERİK TÜRÜ | |
| Content type term | metin |
| Content type code | txt |
| Source | rdacontent |
| 337 ## - MEDYA TÜRÜ | |
| Media type term | aracısız |
| Media type code | n |
| Source | rdamedia |
| 338 ## - TAŞIYICI TÜRÜ | |
| Carrier type term | cilt |
| Carrier type code | nc |
| Source | rdacarrier |
| 490 1# - DİZİ BİLDİRİMİ | |
| Dizi Bildirimi | Doğu dilleri ve edebiyatlarının kaynakları ; |
| Cilt Numarası | 18. |
| 490 1# - DİZİ BİLDİRİMİ | |
| Dizi Bildirimi | Türkçe kaynaklar ; |
| Cilt Numarası | XVI. |
| 500 ## - GENEL NOT | |
| Genel Not | Dizin var. |
| 500 ## - GENEL NOT | |
| Genel Not | Ek içkapakta adı: Bâburnâma. |
| 500 ## - GENEL NOT | |
| Genel Not | "Çağatayca aslı Abdurrahim Hanhanan'ın Frasça tercümesi ve İngilizcesi." |
| 500 ## - GENEL NOT | |
| Genel Not | pt. 1. Fergana ve Transoxiana pt. 2. Kabul pt. 3. Hindustan. |
| 650 #0 - KONU BAŞLIĞI EK GİRİŞ - KONU TERİMİ | |
| Konusal terim veya coğrafi ad | Babur--Hindistan İmparatoru, 1483-1530. |
| 9 (RLIN) | 85094 |
| 650 #0 - KONU BAŞLIĞI EK GİRİŞ - KONU TERİMİ | |
| Konusal terim veya coğrafi ad | Moğol imparatorluğu--Tarih. |
| 9 (RLIN) | 85095 |
| 650 #0 - KONU BAŞLIĞI EK GİRİŞ - KONU TERİMİ | |
| Konusal terim veya coğrafi ad | Moğol imparatorluğu--Krallar--Biyografi. |
| 9 (RLIN) | 85096 |
| 830 1# - SERİ EK GİRİŞİ - TEKBİÇİM ESER ADI | |
| Tekbiçim Başlık | Doğu dilleri ve edebiyatlarının kaynakları ; |
| Volume number/sequential designation | 18. |
| 9 (RLIN) | 85097 |
| 830 1# - SERİ EK GİRİŞİ - TEKBİÇİM ESER ADI | |
| Tekbiçim Başlık | Türkçe kaynaklar ; |
| Volume number/sequential designation | XVI. |
| 9 (RLIN) | 85098 |
| 942 ## - EK GİRİŞ ÖGELERİ (KOHA) | |
| Source of classification or shelving scheme | Library of Congress Classification |
| Koha item type | Book |
| Materyal Türü | Kalıcı Konum | Mevcut Konum | Raf Yeri | Sınıflandırma Kaynağı | Edinim Bilgisi | Ana Konular | Alt Konular | Yer Numarası | Cilt Bilgisi | Demirbaş Numarası | Fatura Tarihi | Geri Çekilme Durumu | Kayıp Durumu | Hasarlı Durumu | Kredi için değil | Kayıt Tarih | Toplam Ödünçverme | Son Görülme Tarihi | Son Kontrol Tarihi |
|---|---|---|---|---|---|---|---|---|---|---|---|---|---|---|---|---|---|---|---|
| Book | Prof. Dr. Azmi Özcan Kütüphanesi | Prof. Dr. Azmi Özcan Kütüphanesi | Uluğbey Salonu | Library of Congress Classification | Bağış | DÜNYA TARİHİ (AVRUPA, ASYA, AFRİKA VB.) | Asya | DS461.1 .B33 1993 | c.1 | 0046199 | 02/02/2026 | 22/09/2014 | 05/12/2024 | 05/12/2024 | |||||
| Book | Prof. Dr. Azmi Özcan Kütüphanesi | Prof. Dr. Azmi Özcan Kütüphanesi | Uluğbey Salonu | Library of Congress Classification | Bağış | DÜNYA TARİHİ (AVRUPA, ASYA, AFRİKA VB.) | Asya | DS461.1 .B33 1993 | c.2 | 0046200 | 02/02/2026 | 22/09/2014 | 05/12/2024 | 05/12/2024 | |||||
| Book | Prof. Dr. Azmi Özcan Kütüphanesi | Prof. Dr. Azmi Özcan Kütüphanesi | Uluğbey Salonu | Library of Congress Classification | Bağış | DÜNYA TARİHİ (AVRUPA, ASYA, AFRİKA VB.) | Asya | DS461.1 .B33 1993 | c.3 | 0046201 | 02/02/2026 | 22/09/2014 | 05/12/2024 | 05/12/2024 |
